[Event "Ibague op"]
[Site "Ibague"]
[Date "2021.10.21"]
[Round "3"]
[White "Diaz, Luisa"]
[Black "Castillo Gonzalez, Manuel Felipe"]
[Result "1-0"]
[WhiteElo "1739"]
[BlackElo "1388"]
[PlyCount "141"]
[EventDate "2021.10.20"]
[EventType "swiss"]
[EventRounds "9"]
[EventCountry "COL"]
[SourceTitle "CBM 204 Extra"]
[Source "ChessBase"]
[SourceDate "2021.11.30"]
[SourceVersion "1"]
[SourceVersionDate "2021.11.30"]
[SourceQuality "1"]

1. e4 c5 2. Nf3 e6 3. d4 cxd4 4. Nxd4 Nf6 5. Nc3 Nc6 6. Ndb5 d6 7. Bf4 e5 8. Bg5 Be7 9. Bxf6 gxf6 10. Nd5 Kf8 11. Qd2 h6 12. 0-0-0 Qa5 13. Qxa5 Nxa5 14. Nxe7 Kxe7 15. Nxd6 Be6 16. Be2 b6 17. a3 Nc6 18. c3 Na5 19. Nf5+ Kf8 20. Rd6 Nb3+ 21. Kb1 Nc5 22. Rhd1 Kg8 23. f3 Kh7 24. Ne3 Nb7 25. Rc6 Rhd8 26. Rxd8 Rxd8 27. Rc7 Rd2 28. Bc4 Rd7 29. Rxd7 Bxd7 30. Bxf7 Nc5 31. Bd5 Nd3 32. b4 Ne1 33. c4 Nd3 34. Kc2 Nf4 35. Bb7 Ne6 36. Kc3 Nd4 37. c5 b5 38. Nc2 Nc6 39. Ne3 Nb8 40. Nd5 Kg7 41. Nc7 Kf7 42. Na6 Nc6 43. Bxc6 Bxc6 44. Nb8 Bb7 45. c6 Bc8 46. a4 a6 47. axb5 axb5 48. g3 h5 49. f4 Ke6 50. Kd3 Kd6 51. Ke3 Kc7 52. Nd7 Bxd7 53. cxd7 Kxd7 54. Kf3 Ke7 55. g4 h4 56. g5 fxg5 57. fxg5 Kf7 58. Kg4 h3 59. Kxh3 Kg7 60. Kg4 Kh7 61. h4 Kg7 62. h5 Kh7 63. Kf5 Kg7 64. h6+ Kh7 65. Kf6 Kg8 66. g6 Kh8 67. g7+ Kh7 68. Kf7 Kxh6 69. g8Q Kh5 70. Qg3 Kh6 71. Qg6# 1-0

[Event "Ibague op"]
[Site "Ibague"]
[Date "2021.10.21"]
[Round "4"]
[White "Diaz, Luisa"]
[Black "Matoma, Yimmy"]
[Result "0-1"]
[WhiteElo "1739"]
[BlackElo "2015"]
[PlyCount "115"]
[EventDate "2021.10.20"]
[EventType "swiss"]
[EventRounds "9"]
[EventCountry "COL"]
[SourceTitle "CBM 204 Extra"]
[Source "ChessBase"]
[SourceDate "2021.11.30"]
[SourceVersion "1"]
[SourceVersionDate "2021.11.30"]
[SourceQuality "1"]

1. e4 c5 2. Nf3 Nc6 3. d4 cxd4 4. Nxd4 d6 5. Nc3 Nf6 6. Be2 e5 7. Nb3 Be7 8. Bg5 Be6 9. Bxf6 Bxf6 10. Nd5 Bg5 11. g3 0-0 12. h4 Bh6 13. g4 Bf4 14. Nxf4 exf4 15. Qd2 a5 16. c3 d5 17. Qxf4 dxe4 18. Rd1 Qb6 19. Qe3 Qxe3 20. fxe3 a4 21. Nc5 Bxa2 22. Nxe4 Rfe8 23. Bf3 Bb3 24. Rd2 Ne5 25. Kf2 Nxg4+ 26. Bxg4 Rxe4 27. Bd1 f5 28. Bxb3+ axb3 29. Rd4 Ra2 30. Rb1 Rxd4 31. cxd4 Kf7 32. Ke2 Ke6 33. Kd3 Kd5 34. Kc3 Ke4 35. Kxb3 Ra6 36. Re1 Rh6 37. Rg1 g6 38. Kc4 Rxh4 39. Kc5 Rh2 40. b4 Rc2+ 41. Kd6 Rc6+ 42. Kd7 Rb6 43. Rh1 h5 44. Rg1 Kxe3 45. d5 f4 46. d6 Rxb4 47. Rxg6 f3 48. Kc7 f2 49. Rf6 Rf4 50. Rxf4 Kxf4 51. d7 f1Q 52. d8Q Qc4+ 53. Kxb7 Kg3 54. Qd6+ Qf4 55. Qg6+ Kh3 56. Qd3+ Kh2 57. Ka6 h4 58. Qd2+ 0-1

[Event "Online Olym Div2 E"]
[Site "Chess.com INT"]
[Date "2021.09.02"]
[Round "3.5"]
[White "Ortiz Verdesoto, Anahi Eduarda"]
[Black "Diaz, Luisa"]
[Result "1-0"]
[WhiteElo "1982"]
[BlackElo "1739"]
[PlyCount "49"]
[EventDate "2021.09.02"]
[EventType "team (rapid)"]
[EventRounds "9"]
[EventCountry "USA"]
[SourceTitle "CBM 204 Extra"]
[Source "ChessBase"]
[SourceDate "2021.11.30"]
[SourceVersion "1"]
[SourceVersionDate "2021.11.30"]
[SourceQuality "1"]
[WhiteTeam "Ecuador"]
[BlackTeam "Guatemala"]
[WhiteTeamCountry "ECU"]
[BlackTeamCountry "GUA"]

1. d4 d5 2. c4 Nf6 3. Nc3 g6 4. cxd5 Nxd5 5. e4 Nxc3 6. bxc3 Bg7 7. Nf3 0-0 8. Be2 b6 9. 0-0 Bb7 10. Qc2 Nd7 11. Be3 Nf6 12. Bd3 Rc8 13. Rad1 c6 14. h3 Qc7 15. Qd2 Rfd8 16. Bf4 Qd7 17. Rfe1 Nh5 18. Be5 c5 19. Bxg7 Kxg7 20. Ne5 Qd6 21. Bc4 Qf6 22. Nxf7 Rf8 23. Qh6+ Kg8 24. Ng5+ Kh8 25. Qxh7# 1-0

[Event "Olympiad Women-43"]
[Site "Batumi"]
[Date "2018.09.28"]
[Round "5.30"]
[White "Rouda Essa, Alserkal"]
[Black "Diaz, Luisa"]
[Result "1/2-1/2"]
[WhiteElo "1494"]
[BlackElo "1718"]
[PlyCount "99"]
[EventDate "2018.09.24"]
[EventType "team-swiss"]
[EventRounds "11"]
[EventCountry "GEO"]
[SourceTitle "EXT 2020"]
[Source "ChessBase"]
[SourceDate "2019.10.17"]
[SourceVersion "1"]
[SourceVersionDate "2019.10.17"]
[SourceQuality "1"]
[WhiteTeam "United Arab Emirates (W)"]
[BlackTeam "Guatemala (W)"]
[WhiteTeamCountry "UAE"]
[BlackTeamCountry "GUA"]

1. e4 d5 2. exd5 Qxd5 3. Nc3 Qd6 4. d4 Nf6 5. Nf3 g6 6. Bg5 Bg7 7. Qd2 a6 8. Bd3 Nbd7 9. 0-0-0 0-0 10. h4 h5 11. Rdg1 c5 12. Bf4 Qb6 13. Na4 Qe6 14. Kb1 cxd4 15. Nxd4 Qd5 16. Nf3 Nc5 17. Nb6 Qc6 18. Nxa8 Nfe4 19. Qe3 Nxd3 20. Qxd3 Bf5 21. Qb3 Rxa8 22. Be3 Rc8 23. Rc1 Be6 24. Qa3 Qc4 25. Rhd1 Nd6 26. Ng5 Nb5 27. Qb3 Qxb3 28. axb3 Bf5 29. Ka2 Bf6 30. c4 Nd6 31. f3 Kg7 32. c5 Nb5 33. Ne4 Bxh4 34. Nc3 Nc7 35. Na4 Bf6 36. Nb6 Rh8 37. Nd7 Bh4 38. c6 bxc6 39. Rxc6 Nb5 40. Ne5 Bf6 41. Nc4 Ra8 42. Na3 Kf8 43. Bb6 Ke8 44. Be3 Bd7 45. Rb6 Be5 46. Rc1 f6 47. Rb7 Bc8 48. Rb6 Bd7 49. Rb7 Bc8 50. Rb6 1/2-1/2

[Event "Olympiad Women-42"]
[Site "Baku"]
[Date "2016.09.02"]
[Round "1.13"]
[White "Diaz, Luisa"]
[Black "Alavi, Homa"]
[Result "0-1"]
[WhiteElo "1825"]
[BlackElo "1997"]
[PlyCount "66"]
[EventDate "2016.09.02"]
[EventType "team-swiss"]
[EventRounds "11"]
[EventCountry "AZE"]
[SourceTitle "CBM 174 Extra"]
[Source "ChessBase"]
[SourceDate "2016.10.10"]
[SourceVersion "1"]
[SourceVersionDate "2016.10.10"]
[SourceQuality "1"]
[WhiteTeam "Guatemala (W)"]
[BlackTeam "Iran (W)"]
[WhiteTeamCountry "GUA"]
[BlackTeamCountry "IRI"]

1. e4 c5 2. Nf3 e6 3. d4 cxd4 4. Nxd4 a6 5. Nc3 Qc7 6. Bd3 Nf6 7. 0-0 Be7 8. a4 0-0 9. Kh1 d6 10. f4 b6 11. Qf3 Bb7 12. Qg3 Nc6 13. Nxc6 Bxc6 14. e5 Nh5 15. Qh3 g6 16. exd6 Bxd6 17. f5 exf5 18. Bxf5 Rfe8 19. Bg4 Re5 20. Bf3 Rf5 21. Bd2 Re8 22. Bxc6 Rxf1+ 23. Rxf1 Qxc6 24. Qd3 Bb8 25. Qxa6 Qd6 26. Bf4 Nxf4 27. Qc4 Qd2 28. Qc6 Re1 29. Qf3 Qc1 30. Nd1 Rxf1+ 31. Qxf1 Qxc2 32. g3 Qe4+ 33. Kg1 Nd3 0-1